000 00887nam a22002177a 4500
999 _c2921
_d2921
003 AR-CdUCM
008 190305b ||||| |||| 00| 0 spa d
040 _aMUNICIPALIDAD PROVINCIAL DEL CUSCO
_cBIBLIOTECA MUNICIPAL DEL CUSCO
082 _a345.185 /
_bO72
100 _aOrrego M. Alfonso
_910034
245 _aElemento de derecho procesal penal peruano /
260 _aLima :
_bEdiciones Jurídicas Sociales,
_c1986.
300 _a286 paginas ;
_c20 cm.
505 _aFuente derecho penal y ley penal caracteres de la ley -- El hombre y el derecho -- Las leyes penales y las leyes procesales penales -- Del territorio de los españoles su religión su gobierno y de los ciudadanos españoles ...
650 _aDerecho Procesal
_98097
650 _aLegislación
_92962
650 _aDerecho penal
_95831
650 _aLegalidad procesal
_910035
942 _2ddc
_cLIBROS
945 _aacv